000 00476nam a2200181Ia 4500
005 20250603144603.0
008 250603s9999 xx 000 0 und d
020 _a9789814968935
050 _aQP 303.5 .B56/
100 _aEdited by Goyal Manu; Saraf Aakansha Saraf and Goyal Kanu
245 0 _aBlood Flow Restriction Training
260 _aSingapore
260 _bJenny Stanford Publishing
260 _c2024
300 _a117 p
650 _aSingapore
942 _cBK
999 _c39363
_d39363